ひらがな・カタカナのみで構成される市区町村 - Statistics

General Stats
  • This quiz has been taken 192 times
  • The average score is 22 of 40
Answer Stats
自治体名 % Correct
ニセコ町
82%
つくば市
78%
つくばみらい市
78%
あま市
72%
むつ市
71%
みよし市
70%
みどり市
69%
うきは市
68%
さくら市
68%
ひたちなか市
68%
かすみがうら市
65%
にかほ市
65%
さいたま市
62%
うるま市
60%
さぬき市
59%
つがる市
59%
みやま市
59%
いすみ市
57%
いなべ市
56%
いわき市
56%
かほく市
56%
あわら市
53%
えびの市
53%
みなかみ町
53%
いの町
52%
まんのう町
52%
ときがわ町
50%
えりも町
48%
せたな町
47%
おおい町
44%
さつま町
44%
すさみ町
44%
たつの市
44%
みやこ町
44%
むかわ町
44%
おいらせ町
43%
みなべ町
43%
かつらぎ町
40%
みやき町
38%
つるぎ町
31%
No matching quizzes found
Score Distribution
Percent of People with Each Score
Percentile by Number Answered
Your Score History
You have not taken this quiz